Two Broke Girls Charaktere - Sudden Death - Statistiken

Allgemein
  • Dieses Quiz wurde 182 mal gespielt
  • Das Durchschnittsergebnis liegt bei 7 aus 11
Answers on the Grid
Answers color-coded by a green-red scale on the quiz's grid according to % correct below.
Max Black
Rachel Green
Candy Andy
Chleo
Barbara
J. Petto
Randy
Oleg
Sandra Bullock
Hanna Smith
Sophie Kuchinsky
Mary Conrads
James Carter
Earl
Han Lee
Thomas Beffinson
Caroline Channing
Martin Channing
Ben Smith
Steve Rents
 
Antwortstatistiken
Antwort % Korrekt
Han Lee
90%
Oleg
89%
Earl
84%
Max Black
84%
Caroline Channing
83%
Sophie Kuchinsky
75%
Martin Channing
64%
Candy Andy
55%
Randy
54%
Barbara
33%
J. Petto
25%
Keine übereinstimmenden Quizze gefunden
Verteilung der Resultate
Anzahl Personen mit jedem Resultat
Perzentil nach korrekt beantworteten Fragen
Ihre Resultats-Entwicklung
Sie haben dieses Quiz noch nicht gespielt